| 000 | 00978nam a2200241 a 4500 | ||
|---|---|---|---|
| 001 | 54624 | ||
| 003 | BD-RjUL | ||
| 005 | 20211209080139.0 | ||
| 008 | 161108s1954 ii ||||| |||| 00| 0 ben d | ||
| 020 | _c: Tk. 3.00 | ||
| 035 | _a(BD-RjUL)54746 | ||
| 040 |
_aBD-RjUL _bben _cBD-RjUL |
||
| 041 | _aben | ||
| 082 |
_223 _a891.4408 _bCHB 1954 |
||
| 100 |
_aচক্রবর্ত্তী, বিহারীলাল _9162924 |
||
| 245 | 1 | 0 |
_aবিহারীলালের গ্রন্থাবলী / _cবিহারীলাল চক্রবর্ত্তী |
| 260 |
_aকলিকাতা : _bবসুমতি সাহিত্য মন্দির, _c১৯৫৪ [১৩৬১] |
||
| 300 |
_a২১৮ পৃ. ; _c২৪ সেমি. |
||
| 490 | _aগ্রন্থাবলী সিরিজ | ||
| 650 |
_aবাংলা সাহিত্য _xসংগ্রহ _9122902 |
||
| 650 |
_aBengali Literature _xCollection _9122903 |
||
| 942 |
_2ddc _cBK |
||
| 999 |
_c54624 _d54624 |
||